00483nmm a2200157Ia 4500008004100000020001800041041000800059100003100067245001700098264008800115300001600203650003000219856005200249942000700301999001700308251105s9999||||xx |||||||||||||||||und|| a9788412614374 aspa aMartínez Pérez, Ismael 0aOutrun. 2080 a[Madrid, España] :bEdiciones Arcanas, c[Fecha de publicación no identificada] a0 páginas aScience fiction & Fantasy uhttps://public.digitaliapublishing.com/a/135251 cCF c76278d76278